| 000 | 00718cam a22002413a 4500 | ||
|---|---|---|---|
| 001 | 1333 | ||
| 003 | PGUSA | ||
| 005 | 20140828083000.0 | ||
| 008 | 980601s1998||||xxu|||||s|||||000 p eng d | ||
| 040 |
_aPGUSA _beng |
||
| 042 | _adc | ||
| 050 | 4 | _aPR | |
| 100 | 1 |
_aMurray, R. F. _q(Robert Fuller), _d1863-1894 |
|
| 245 | 1 | 0 |
_aRobert F. Murray (Author of the Scarlet Gown) : _bHis Poems; with a Memoir _h[electronic resource] / _cR. F. Murray |
| 260 |
_bProject Gutenberg, _c1998 |
||
| 506 | _aPublic domain in the USA. | ||
| 516 | _aElectronic text | ||
| 653 | _aPoetry | ||
| 700 | 1 |
_aLang, Andrew, _d1844-1912 |
|
| 830 | 0 |
_aProject Gutenberg _v1333 |
|
| 856 | 4 | 0 | _uhttp://www.gutenberg.org/ebooks/1333 |
| 942 | _cEB | ||
| 999 |
_c230681 _d230681 |
||